[Event "Torneo B"]
[Site "Formia ITA"]
[Date "1995.07.??"]
[Round "?"]
[White "Liguori, Renato"]
[Black "La Gatta, Giovanni"]
[Result "0-1"]
[WhiteElo "1888"]
[BlackElo "2055"]
[PlyCount "78"]
[EventDate "1995.07.20"]

1. d4 Nf6 2. c4 e6 3. Nc3 Bb4 4. e3 c5 5. Bd2 cxd4 6. exd4 O-O 7. Bd3 d5 8. Nf3
dxc4 9. Bxc4 b6 10. O-O Bb7 11. a3 Be7 12. Be3 Na6 13. Ne5 Nc7 14. Qe2 Ncd5 15.
Bd3 Rc8 16. Rfe1 Rc7 17. Bd2 Nxc3 18. bxc3 Qd5 19. f3 Rfc8 20. Reb1 Qd8 21. a4
Nd5 22. c4 Nb4 23. Be3 Nxd3 24. Qxd3 f6 25. Ng4 Rxc4 26. a5 Rc3 27. Qd2 Rc2 28.
Qe1 Bd5 29. axb6 axb6 30. Bf2 R2c6 31. Ne3 Kf7 32. Nf1 Bc4 33. Ng3 b5 34. Ne4
Bd3 35. Rd1 Bc2 36. Rd2 Bb4 37. Nc5 Bxd2 38. Ra7+ Kg8 39. Qe2 Qd5 0-1

[Event "Torneo B"]
[Site "Formia ITA"]
[Date "1995.07.??"]
[Round "?"]
[White "Liguori, Renato"]
[Black "Milivojevic, Slobodanka"]
[Result "1-0"]
[WhiteElo "1888"]
[BlackElo "2065"]
[PlyCount "79"]
[EventDate "1995.07.20"]

1. d4 Nf6 2. c4 c5 3. d5 b5 4. cxb5 a6 5. bxa6 Bxa6 6. Nc3 g6 7. f4 Bg7 8. Nf3
d6 9. e4 Bxf1 10. Rxf1 Nbd7 11. e5 dxe5 12. fxe5 Ng4 13. e6 Nde5 14. exf7+ Nxf7
15. Ng5 Bxc3+ 16. bxc3 Qa5 17. Nxf7 Nxh2 18. Nxh8 Qxc3+ 19. Bd2 Qe5+ 20. Kf2
Nxf1 21. Kxf1 Qxh8 22. Be3 Qc3 23. Bf2 Qf6 24. Kg1 Qd6 25. a4 c4 26. Qd4 Qf6
27. a5 Qxd4 28. Bxd4 Kd7 29. a6 Kd6 30. Ra5 e6 31. dxe6 Kxe6 32. a7 Kd6 33.
Be5+ Kc6 34. Bb8 Kb6 35. Ra1 Kb5 36. Kf2 Kb4 37. Ke2 Kc3 38. Re1 Kb3 39. Kd2 h5
40. Rb1+ 1-0

[Event "Torneo B"]
[Site "Formia ITA"]
[Date "1995.07.??"]
[Round "?"]
[White "Liguori, Renato"]
[Black "Tribuiani, Renato"]
[Result "0-1"]
[WhiteElo "1888"]
[BlackElo "2110"]
[PlyCount "144"]
[EventDate "1995.07.20"]

1. Nf3 d5 2. g3 Bg4 3. Bg2 e6 4. d3 Bd6 5. O-O Nf6 6. b3 Nbd7 7. Bb2 Qe7 8. c4
c6 9. Nc3 O-O 10. Qc2 Rac8 11. e4 Bxf3 12. Bxf3 d4 13. Ne2 e5 14. Bg2 Ba3 15.
Bxa3 Qxa3 16. Bh3 Rce8 17. f4 Qd6 18. Kg2 Re7 19. Qd2 Rfe8 20. Bxd7 Nxd7 21. f5
Nf6 22. h3 Qa3 23. g4 Nd7 24. g5 f6 25. h4 Rf8 26. Ng3 a5 27. Kh1 b6 28. Rf3
Kf7 29. g6+ Ke8 30. gxh7 Rh8 31. Rf2 Rxh7 32. Rh2 Kd8 33. Rg1 Kc7 34. Ne2 Re8
35. Rg4 Reh8 36. Kg1 Kd6 37. Kf2 Kc7 38. Ng1 Qe7 39. Nf3 Kb7 40. Rhg2 Rg8 41.
Ne1 Qa3 42. Nf3 Nc5 43. Ke2 a4 44. bxa4 Nxa4 45. Rg6 Nc3+ 46. Kf1 Nxe4 47. Qc2
Nd6 48. Rxf6 gxf6 49. Rxg8 Nxf5 50. Qd2 Nxh4 51. Ne1 Nf5 52. Qf2 Ne3+ 53. Kg1
Qe7 54. Qg3 Qf7 55. Rg6 Nf5 56. Qg4 Qxg6 57. Qxg6 Rg7 58. Qg2 Kc7 59. Nc2 Rxg2+
60. Kxg2 Ne3+ 61. Nxe3 dxe3 62. Kf3 Kd6 63. Kxe3 f5 64. d4 exd4+ 65. Kxd4 c5+
66. Kd3 Ke5 67. Ke3 f4+ 68. Kf3 Kd4 69. Kxf4 Kxc4 70. Ke3 Kc3 71. Ke4 Kb4 72.
Kd3 Ka3 0-1

[Event "Torneo B"]
[Site "Formia ITA"]
[Date "1995.07.??"]
[Round "?"]
[White "Ljubisavljevic, Zivojin Z."]
[Black "Esposito, Luca"]
[Result "1-0"]
[WhiteElo "2285"]
[BlackElo "2025"]
[PlyCount "59"]
[EventDate "1995.07.20"]

1. d4 Nf6 2. c4 c5 3. d5 d6 4. Nc3 g6 5. e4 Bg7 6. f4 O-O 7. Bd3 e6 8. dxe6
Bxe6 9. f5 Bd7 10. Nge2 Bc6 11. O-O Re8 12. Qc2 Nbd7 13. Nd5 Ne5 14. fxg6 fxg6
15. Bg5 Rf8 16. h3 Kh8 17. Nef4 Bd7 18. Qd2 Rf7 19. Qe1 Qf8 20. Qh4 Nxd5 21.
exd5 Kg8 22. Ne6 Nxd3 23. Nxf8 Bd4+ 24. Qxd4 cxd4 25. Rxf7 Kxf7 26. Nxd7 Nxb2
27. Rb1 Nxc4 28. Rxb7 Ke8 29. Nf6+ Kf8 30. Bh6# 1-0

[Event "Torneo B"]
[Site "Formia ITA"]
[Date "1995.07.??"]
[Round "?"]
[White "Ljubisavljevic, Zivojin Z."]
[Black "Gazmaga, Stefan"]
[Result "1/2-1/2"]
[WhiteElo "2285"]
[BlackElo "2235"]
[PlyCount "117"]
[EventDate "1995.07.20"]

1. e4 c5 2. c4 Nc6 3. f4 g6 4. Nf3 Bg7 5. d3 d6 6. Be2 Bg4 7. O-O e6 8. Nc3
Nge7 9. Nh4 Bxe2 10. Nxe2 f5 11. Nf3 Qd7 12. Rb1 O-O 13. Bd2 h6 14. Qe1 Rab8
15. Qg3 b5 16. cxb5 Rxb5 17. Bc3 Rfb8 18. b3 Qe8 19. Bxg7 Kxg7 20. Nc3 Rb4 21.
Rbe1 Nd4 22. Nxd4 Rxd4 23. Qh3 Qf7 24. exf5 gxf5 25. Ne2 Rd5 26. Ng3 Kh7 27.
Re3 Ng6 28. Nh5 Rd4 29. g4 fxg4 30. Qxg4 Rg8 31. Rg3 Ne7 32. Qf3 Nd5 33. f5
exf5 34. Qxf5+ Qxf5 35. Rxf5 Rxg3+ 36. hxg3 Nb4 37. Nf4 Nxa2 38. Rf7+ Kg8 39.
Rxa7 Nc1 40. Kg2 Nxd3 41. Nh5 Nc1 42. Rb7 Kf8 43. Nf6 Rd2+ 44. Kh3 Re2 45. Nd7+
Ke8 46. Nf6+ Kd8 47. Rd7+ Kc8 48. Rxd6 Nxb3 49. Nh5 Kc7 50. Rxh6 c4 51. Nf4 Rd2
52. Ne6+ Kb7 53. Rh4 Na5 54. Nc5+ Kc6 55. Ne4 Rd4 56. Rf4 Nb7 57. Nc3 Kc5 58.
Na4+ Kd5 59. Nb6+ 1/2-1/2

[Event "Torneo B"]
[Site "Formia ITA"]
[Date "1995.07.??"]
[Round "?"]
[White "Ljubisavljevic, Zivojin Z."]
[Black "La Gatta, Giovanni"]
[Result "1-0"]
[WhiteElo "2285"]
[BlackElo "2055"]
[PlyCount "47"]
[EventDate "1995.07.20"]

1. d4 Nf6 2. c4 e6 3. Nf3 b6 4. Bg5 Be7 5. Bxf6 Bxf6 6. e4 O-O 7. Nc3 Bb7 8. e5
Be7 9. Bd3 f5 10. a3 a5 11. Qe2 Bg5 12. O-O Bh6 13. Rad1 g5 14. d5 Qe7 15. Nd4
Na6 16. Bc2 Qf7 17. g4 fxg4 18. Ne4 Bg7 19. Qxg4 Qf4 20. Qh5 Qxe5 21. Nc5 h6
22. Nxd7 Qd6 23. Nxf8 Rxf8 24. Nxe6 1-0

[Event "Torneo B"]
[Site "Formia ITA"]
[Date "1995.07.??"]
[Round "?"]
[White "Ljubisavljevic, Zivojin Z."]
[Black "Neri, Enzo"]
[Result "1/2-1/2"]
[WhiteElo "2285"]
[BlackElo "2069"]
[PlyCount "127"]
[EventDate "1995.07.20"]

1. d4 d5 2. Nf3 e6 3. Bf4 Bd6 4. Bxd6 cxd6 5. e3 Nc6 6. Nbd2 Nge7 7. e4 O-O 8.
c3 e5 9. dxe5 dxe5 10. exd5 Nxd5 11. Ne4 Bf5 12. Ng3 Be6 13. Be2 Nf4 14. O-O
Qxd1 15. Rfxd1 Rfd8 16. Bb5 f6 17. b3 Bg4 18. Ne4 Rxd1+ 19. Rxd1 f5 20. Neg5 h6
21. Bc4+ Kf8 22. h3 Bh5 23. Ne6+ Nxe6 24. Bxe6 e4 25. g4 fxg4 26. hxg4 Re8 27.
Nd4 Nxd4 28. Rxd4 Rxe6 29. gxh5 Ke7 30. Kf1 Re5 31. Ke2 Rxh5 32. Rxe4+ Kd6 33.
Rf4 Re5+ 34. Kd3 h5 35. Rf8 h4 36. Rh8 g5 37. f4 gxf4 38. Rxh4 Rd5+ 39. Ke4 Rd2
40. a4 f3 41. b4 f2 42. Rf4 b6 43. Rf6+ Ke7 44. Rf4 a5 45. Ke3 Ra2 46. Rxf2
Rxa4 47. b5 Kd6 48. Kd3 Rh4 49. Rf6+ Kc5 50. Rf5+ Kd6 51. Rg5 Rf4 52. c4 Rh4
53. Rg6+ Kc7 54. Rg7+ Kd6 55. Rb7 Kc5 56. Rc7+ Kb4 57. Rc6 a4 58. Rxb6 Rxc4 59.
Rc6 Rh4 60. b6 Ka5 61. b7 Rb4 62. Rc5+ Ka6 63. Rc4 Rxb7 64. Rxa4+ 1/2-1/2

[Event "Torneo B"]
[Site "Formia ITA"]
[Date "1995.07.??"]
[Round "?"]
[White "Messina, Enrico"]
[Black "Doric, Nenad"]
[Result "0-1"]
[WhiteElo "2018"]
[BlackElo "2245"]
[PlyCount "128"]
[EventDate "1995.07.20"]

1. e4 c5 2. Nf3 e6 3. d4 cxd4 4. Nxd4 Nf6 5. Nc3 Nc6 6. Ndb5 d6 7. Bf4 e5 8.
Bg5 a6 9. Na3 b5 10. Nd5 Be7 11. Bxf6 Bxf6 12. c3 Bb7 13. Nc2 Ne7 14. Nxf6+
gxf6 15. Bd3 d5 16. Qe2 f5 17. f3 fxe4 18. fxe4 dxe4 19. Bxe4 Bxe4 20. Qxe4 Qd5
21. Qxd5 Nxd5 22. O-O Ke7 23. Rae1 f6 24. Ne3 Rad8 25. Nf5+ Ke6 26. Re2 Rhg8
27. Ng3 Rd7 28. Nf5 Rg4 29. g3 Nf4 30. Rxf4 Rxf4 31. gxf4 Kxf5 32. fxe5 fxe5
33. Kf2 Kf4 34. Ke1 Rd3 35. Rf2+ Rf3 36. Rg2 Rh3 37. Rf2+ Ke4 38. Ke2 a5 39.
Rg2 Re3+ 40. Kd2 Rh3 41. Ke2 a4 42. a3 Kd5 43. Kd2 e4 44. Re2 Rh4 45. Ke3 Ke5
46. Rg2 Rh3+ 47. Ke2 Kf4 48. Rf2+ Rf3 49. Rg2 e3 50. Ke1 Ke4 51. Rg7 Rh3 52.
Rg2 Kd3 53. Rg4 Rxh2 54. Rd4+ Kc2 55. Rb4 h5 56. Rxb5 h4 57. Re5 Kxb2 58. c4
Kxa3 59. c5 Kb2 60. c6 Rc2 61. Rb5+ Ka2 62. Rb4 a3 63. Rxh4 Rxc6 64. Rb4 Rc2
0-1

[Event "Torneo B"]
[Site "Formia ITA"]
[Date "1995.07.??"]
[Round "?"]
[White "Messina, Enrico"]
[Black "Gagliardi, Pietro"]
[Result "0-1"]
[WhiteElo "2018"]
[BlackElo "2180"]
[PlyCount "86"]
[EventDate "1995.07.20"]

1. e4 c6 2. d4 d5 3. Nd2 dxe4 4. Nxe4 Bf5 5. Ng3 Bg6 6. Nf3 Nd7 7. h4 h6 8. h5
Bh7 9. Bd3 Bxd3 10. Qxd3 Qc7 11. Bd2 Ngf6 12. O-O-O e6 13. Ne4 O-O-O 14. c4
Nxe4 15. Qxe4 Nf6 16. Qc2 c5 17. Bc3 cxd4 18. Bxd4 Bc5 19. Kb1 Bxd4 20. Nxd4
Qc5 21. Nb3 Rxd1+ 22. Rxd1 Qxh5 23. Qd2 Qf5+ 24. Ka1 Qe5 25. Qb4 Qc7 26. Nc5 b6
27. Na6 Rd8 28. Rxd8+ Qxd8 29. a3 Ne4 30. Qb5 Qd6 31. Nb4 Qd7 32. Nc6 Nc5 33.
Ka2 h5 34. a4 Kb7 35. Nb4 Qxb5 36. axb5 Ne4 37. f3 Nd6 38. Kb3 g5 39. Nd3 f6
40. Kc3 Nf5 41. b4 Ne3 42. Ne1 h4 43. Kd3 Nxg2 0-1

[Event "Torneo B"]
[Site "Formia ITA"]
[Date "1995.07.??"]
[Round "?"]
[White "Messina, Enrico"]
[Black "Isonzo, David"]
[Result "1-0"]
[WhiteElo "2018"]
[BlackElo "2190"]
[PlyCount "37"]
[EventDate "1995.07.20"]

1. e4 d6 2. d4 Nf6 3. Nc3 c6 4. Be2 Nbd7 5. Nf3 e5 6. O-O b5 7. a3 Bb7 8. Bd3
Be7 9. h3 a6 10. dxe5 dxe5 11. b3 Nh5 12. Nxe5 Nxe5 13. Qxh5 Qd4 14. Bb2 Nxd3
15. cxd3 Qxd3 16. Rac1 Qd6 17. Ne2 Qg6 18. Qe5 f6 19. Qc7 1-0

[Event "Torneo B"]
[Site "Formia ITA"]
[Date "1995.07.??"]
[Round "?"]
[White "Messina, Enrico"]
[Black "Neri, Enzo"]
[Result "0-1"]
[WhiteElo "2018"]
[BlackElo "2069"]
[PlyCount "76"]
[EventDate "1995.07.20"]

1. e4 c5 2. Nf3 a6 3. b4 cxb4 4. a3 bxa3 5. Bxa3 d6 6. d4 Nf6 7. Nbd2 g6 8. Bd3
Bg7 9. O-O O-O 10. Re1 Re8 11. Rb1 Nfd7 12. e5 d5 13. Nf1 b5 14. Ne3 Nb6 15. h4
Nc4 16. Nxc4 bxc4 17. Be2 Bd7 18. Nh2 Nc6 19. Bf3 e6 20. g3 Rb8 21. Rxb8 Qxb8
22. Ng4 Qd8 23. h5 gxh5 24. Ne3 Qa5 25. Bb2 c3 26. Bc1 Qb4 27. Bxh5 Qxd4 28.
Qxd4 Nxd4 29. f4 Ba4 30. Bd1 Bf8 31. Ng4 Be7 32. Re3 Rc8 33. Nh6+ Kg7 34. f5
Bg5 35. Ng4 Nxf5 36. Rxc3 Rxc3 37. Bxg5 Bxc2 38. Be2 d4 0-1

[Event "Torneo B"]
[Site "Formia ITA"]
[Date "1995.07.??"]
[Round "?"]
[White "Messina, Enrico"]
[Black "Picardi, Angelo"]
[Result "1-0"]
[WhiteElo "2018"]
[BlackElo "2048"]
[PlyCount "55"]
[EventDate "1995.07.20"]

1. e4 e6 2. d3 d5 3. Nd2 Nf6 4. e5 Nfd7 5. f4 c5 6. Ngf3 Nc6 7. g3 f6 8. exf6
Qxf6 9. Bg2 Bd6 10. O-O O-O 11. Ng5 Nb6 12. Ndf3 Bd7 13. Rb1 e5 14. fxe5 Nxe5
15. Nxh7 Kxh7 16. Ng5+ Kg8 17. Rxf6 Rxf6 18. Bf4 Bg4 19. Qd2 Raf8 20. Re1 Nc6
21. Bxd6 Rxd6 22. c3 Nd7 23. h3 Bh5 24. Re6 Rf6 25. Rxd6 Rxd6 26. Qf4 Nde5 27.
d4 cxd4 28. cxd4 1-0

[Event "Torneo B"]
[Site "Formia ITA"]
[Date "1995.07.??"]
[Round "?"]
[White "Mihalj, Miroslav M."]
[Black "Esposito, Luca"]
[Result "1/2-1/2"]
[WhiteElo "2240"]
[BlackElo "2025"]
[PlyCount "72"]
[EventDate "1995.07.20"]

1. e4 c5 2. Nf3 d6 3. Bb5+ Bd7 4. Bxd7+ Qxd7 5. O-O Nc6 6. c3 Nf6 7. Qe2 Qg4 8.
Re1 Ne5 9. Kh1 c4 10. Nxe5 Qxe2 11. Rxe2 dxe5 12. Na3 Rc8 13. b3 cxb3 14. axb3
a6 15. Nc4 Nd7 16. Ba3 f6 17. g3 g5 18. Rf1 g4 19. f3 gxf3 20. Rxf3 b5 21. Ne3
e6 22. Bb2 a5 23. d4 exd4 24. cxd4 a4 25. bxa4 bxa4 26. Ng4 h5 27. Nxf6+ Nxf6
28. Rxf6 a3 29. Rxf8+ Rxf8 30. Bxa3 Rf3 31. Bd6 Rcc3 32. Bf4 h4 33. h3 hxg3 34.
Be5 g2+ 35. Kxg2 Rxh3 36. d5 Rce3 1/2-1/2

[Event "Torneo B"]
[Site "Formia ITA"]
[Date "1995.07.??"]
[Round "?"]
[White "Mihalj, Miroslav M."]
[Black "Ljubisavljevic, Zivojin Z."]
[Result "1-0"]
[WhiteElo "2240"]
[BlackElo "2285"]
[PlyCount "141"]
[EventDate "1995.07.20"]

1. d4 Nf6 2. Nc3 c5 3. d5 d6 4. e4 g6 5. Nf3 Bg4 6. Be2 Bg7 7. O-O O-O 8. Nd2
Bxe2 9. Qxe2 Na6 10. Nc4 Nc7 11. a4 b6 12. h3 Rb8 13. Bf4 a6 14. Bh2 b5 15.
axb5 axb5 16. Na5 Qd7 17. Nc6 Ra8 18. Nxb5 Nxb5 19. Qxb5 e6 20. Qd3 Rfc8 21.
Na5 Qc7 22. Nc4 e5 23. f4 exf4 24. Bxf4 Rxa1 25. Rxa1 Rd8 26. Ra6 Qe7 27. Rxd6
Ra8 28. Rb6 Nh5 29. Rb8+ Rxb8 30. Bxb8 Bd4+ 31. Kh2 Qg5 32. c3 Bf6 33. Qe3 Qxe3
34. Nxe3 Bg5 35. Nc4 Nf6 36. Kg3 Nxe4+ 37. Kf3 f5 38. d6 Kf7 39. b4 cxb4 40.
cxb4 Ke6 41. b5 Kd5 42. Nb6+ Ke6 43. Nc4 Kd5 44. Na5 Nxd6 45. b6 Be7 46. b7 h5
47. Bc7 Nxb7 48. Nxb7 g5 49. Bd8 g4+ 50. Kf4 gxh3 51. gxh3 Bb4 52. Na5 Ke6 53.
Nc6 Bd2+ 54. Kf3 Kd5 55. Ne7+ Ke6 56. Ng6 Kf7 57. Nf4 Kg7 58. Nxh5+ Kh6 59. Nf4
Bc1 60. h4 Ba3 61. Bg5+ Kh7 62. Ke3 Bb2 63. Kd3 Be5 64. Kc4 Bxf4 65. Bxf4 Kg6
66. Kd3 Kh5 67. Bg5 Kg4 68. Ke2 f4 69. Kf2 f3 70. Bd8 Kf4 71. h5 1-0

[Event "Torneo B"]
[Site "Formia ITA"]
[Date "1995.07.??"]
[Round "?"]
[White "Mihalj, Miroslav M."]
[Black "Niederstaetter, Harald"]
[Result "1-0"]
[WhiteElo "2240"]
[BlackElo "1911"]
[PlyCount "59"]
[EventDate "1995.07.20"]

1. d4 g6 2. e4 Bg7 3. Nf3 c6 4. Nc3 d5 5. h3 dxe4 6. Nxe4 Nd7 7. Bc4 Ndf6 8.
Neg5 Nh6 9. O-O O-O 10. c3 Nf5 11. Ne5 Nd6 12. Bb3 Bf5 13. Re1 Nd5 14. c4 Nc7
15. c5 Bxe5 16. Rxe5 Ndb5 17. Rxf5 e6 18. Rf3 Nxd4 19. Rd3 e5 20. Qe1 Nd5 21.
Qxe5 Nxb3 22. axb3 Re8 23. Qd6 Re1+ 24. Kh2 Qe8 25. Nf3 Rf1 26. Rxd5 cxd5 27.
Bh6 Rxa1 28. Qf6 Qf8 29. Bxf8 Rxf8 30. Qe7 1-0

[Event "Torneo B"]
[Site "Formia ITA"]
[Date "1995.07.??"]
[Round "?"]
[White "Mihic, Vladimir"]
[Black "Castrogiovanni, Carlo"]
[Result "1-0"]
[WhiteElo "2220"]
[BlackElo "1929"]
[PlyCount "85"]
[EventDate "1995.07.20"]

1. e4 c5 2. Nf3 Nc6 3. d4 cxd4 4. Nxd4 Nf6 5. Nc3 e5 6. Ndb5 d6 7. Nd5 Nxd5 8.
exd5 Nb8 9. c4 Be7 10. Bd3 O-O 11. O-O f5 12. f4 a6 13. Nc3 e4 14. Be2 Bf6 15.
Qc2 Bd4+ 16. Kh1 g6 17. Nd1 Qb6 18. Rb1 a5 19. b3 Qd8 20. Be3 Bxe3 21. Nxe3 b6
22. a3 Nd7 23. g4 fxg4 24. Bxg4 Nf6 25. Bxc8 Rxc8 26. Rg1 Rf7 27. Rbf1 Qe7 28.
Qg2 Rg7 29. Qh3 Rf8 30. Qh6 Nh5 31. Rg4 Nf6 32. Rg5 Kh8 33. Rg2 Nh5 34. f5 Qh4
35. Kg1 Rf6 36. fxg6 Rxf1+ 37. Nxf1 Qh3 38. Ng3 Qg4 39. Qxh5 Qf4 40. Qh3 Qe3+
41. Kh1 Rxg6 42. Qc8+ Rg8 43. Qxg8+ 1-0

[Event "Torneo B"]
[Site "Formia ITA"]
[Date "1995.07.??"]
[Round "?"]
[White "Mihic, Vladimir"]
[Black "Gagliardi, Pietro"]
[Result "1/2-1/2"]
[WhiteElo "2220"]
[BlackElo "2180"]
[PlyCount "58"]
[EventDate "1995.07.20"]

1. e4 c6 2. d4 d5 3. Nc3 dxe4 4. Nxe4 Bf5 5. Ng3 Bg6 6. h4 h6 7. Nf3 Nd7 8. Bc4
e6 9. Qe2 Bd6 10. Ne4 Bxe4 11. Qxe4 Ngf6 12. Qe2 Qc7 13. Bd2 O-O-O 14. O-O-O
Bf4 15. Kb1 Bxd2 16. Rxd2 Qf4 17. Re1 Kb8 18. g3 Qc7 19. Bb3 Rhe8 20. Red1 a6
21. c4 c5 22. Ne5 Nxe5 23. dxe5 Rxd2 24. Rxd2 Ng8 25. f4 Rd8 26. Bc2 Rxd2 27.
Qxd2 Ne7 28. Be4 Nc6 29. a3 Nd4 1/2-1/2

[Event "Torneo B"]
[Site "Formia ITA"]
[Date "1995.07.??"]
[Round "?"]
[White "Mihic, Vladimir"]
[Black "Niederstaetter, Harald"]
[Result "0-1"]
[WhiteElo "2220"]
[BlackElo "1911"]
[PlyCount "138"]
[EventDate "1995.07.20"]

1. e4 g6 2. d4 Bg7 3. Nc3 d6 4. Nf3 Nf6 5. Be2 O-O 6. O-O Bg4 7. Be3 Nc6 8. Qd2
e5 9. d5 Ne7 10. Rad1 Nd7 11. Ng5 Bxe2 12. Qxe2 h6 13. Nh3 a6 14. f3 Kh7 15.
Nb1 f5 16. Nf2 f4 17. Bd2 g5 18. c4 Rg8 19. b4 b6 20. Nd3 Bf8 21. Be1 Qe8 22.
Bf2 g4 23. fxg4 Nf6 24. h3 Qg6 25. Nd2 h5 26. g5 Qxg5 27. Qf3 Ng6 28. g3 Be7
29. Kh1 fxg3 30. Qxg3 Qxg3 31. Bxg3 h4 32. Bh2 Rg7 33. Rf5 Kh6 34. Bg1 Nh5 35.
Bf2 Ngf4 36. Nxf4 exf4 37. Nf1 Ng3+ 38. Bxg3 fxg3 39. Kg2 Bg5 40. Nd2 Bxd2 41.
Rxd2 Re8 42. Rf4 Kh5 43. c5 bxc5 44. bxc5 Rb8 45. c6 Rh7 46. Rg4 Re7 47. Re2 a5
48. Rc2 Rb4 49. Kf3 Rd4 50. Rb2 Rb4 51. Rxb4 axb4 52. Rf4 Rg7 53. Kg2 Re7 54.
Kf1 Kg5 55. Rg4+ Kh5 56. Ke2 Rf7 57. Ke3 Rf1 58. Kd3 Ra1 59. Kc4 Rxa2 60. Kxb4
Rc2 61. Kb5 Rc1 62. Ka6 Rb1 63. Ka7 Rb2 64. e5 dxe5 65. d6 cxd6 66. c7 Rc2 67.
Kb7 d5 68. c8=Q Rxc8 69. Kxc8 e4 0-1

[Event "Torneo B"]
[Site "Formia ITA"]
[Date "1995.07.??"]
[Round "?"]
[White "Mihic, Vladimir"]
[Black "Zinani, Alessandro"]
[Result "0-1"]
[WhiteElo "2220"]
[BlackElo "2100"]
[PlyCount "116"]
[EventDate "1995.07.20"]

1. e4 c6 2. d4 d5 3. exd5 cxd5 4. c4 e6 5. Nc3 Nf6 6. Nf3 Be7 7. cxd5 exd5 8.
Bd3 O-O 9. h3 Nc6 10. O-O h6 11. a3 a6 12. Bc2 Bd6 13. Be3 b5 14. Qd3 Be6 15.
b4 Rc8 16. Bd2 Bxb4 17. axb4 Nxb4 18. Qe2 Nxc2 19. Rxa6 b4 20. Na4 Bf5 21. Be3
Ne4 22. Ne5 Nxe3 23. Qxe3 Ra8 24. Rxa8 Qxa8 25. Nb2 Qa2 26. Nbd3 Qa4 27. Rb1 f6
28. Nf3 b3 29. Nh4 Bh7 30. Kh2 Re8 31. Nb2 Qa3 32. Nd1 Rb8 33. Rb2 Kh8 34. f4
g5 35. fxg5 hxg5 36. Nf3 Qb4 37. Ne1 Qd6+ 38. Kg1 Qg3 39. Nf3 Bf5 40. Rxb3 Rxb3
41. Qxb3 Bxh3 42. Qa2 g4 43. Nh2 Qe1+ 44. Nf1 Bxg2 45. Qxg2 Qxd1 46. Qh2+ Kg7
47. Qf4 Ng5 48. Kh2 Nf3+ 49. Kg2 Nxd4 50. Ne3 Qe2+ 51. Kh1 Qf3+ 52. Qxf3 Nxf3
53. Nxd5 Kg6 54. Kg2 Kg5 55. Kg3 f5 56. Nf4 Nd4 57. Nd5 Ne6 58. Kf2 f4 0-1

[Event "Torneo B"]
[Site "Formia ITA"]
[Date "1995.07.??"]
[Round "?"]
[White "Milivojevic, Slobodanka"]
[Black "Andreoli, Mark"]
[Result "0-1"]
[WhiteElo "2065"]
[BlackElo "2085"]
[PlyCount "70"]
[EventDate "1995.07.20"]

1. e4 c5 2. Nf3 d6 3. d4 cxd4 4. Nxd4 Nf6 5. Nc3 a6 6. Be2 e5 7. Nb3 Be6 8. f4
Qc7 9. Be3 Nbd7 10. f5 Bc4 11. Bf3 b5 12. Qd2 Be7 13. g4 h6 14. Qf2 b4 15. Na4
Bb5 16. Nb6 Rb8 17. Nxd7 Nxd7 18. h4 a5 19. Rd1 a4 20. Nc1 Rc8 21. Rd2 a3 22.
b3 Qc3 23. Nd3 Nc5 24. O-O Nxd3 25. cxd3 Bxd3 26. Rfd1 Ba6 27. g5 hxg5 28. hxg5
f6 29. Bg4 Bb7 30. Qf3 Rh4 31. gxf6 Rxg4+ 32. Kf2 Rxe4 33. fxe7 Rf4 34. Qxf4
exf4 35. Rd3 fxe3+ 0-1

[Event "Torneo B"]
[Site "Formia ITA"]
[Date "1995.07.??"]
[Round "?"]
[White "Milivojevic, Slobodanka"]
[Black "La Gatta, Giovanni"]
[Result "1/2-1/2"]
[WhiteElo "2065"]
[BlackElo "2055"]
[PlyCount "25"]
[EventDate "1995.07.20"]

1. e4 c5 2. Nf3 d6 3. d4 cxd4 4. Nxd4 Nf6 5. Nc3 a6 6. Bg5 e6 7. Qf3 Nbd7 8.
O-O-O Qc7 9. Qh3 Nb6 10. Bxf6 gxf6 11. Qd3 Bd7 12. Be2 O-O-O 13. Kb1 1/2-1/2

[Event "Torneo B"]
[Site "Formia ITA"]
[Date "1995.07.??"]
[Round "?"]
[White "Milivojevic, Slobodanka"]
[Black "Segatini, Andrea"]
[Result "1-0"]
[WhiteElo "2065"]
[BlackElo "1902"]
[PlyCount "58"]
[EventDate "1995.07.20"]

1. e4 g6 2. d4 d6 3. Nf3 Bg7 4. Be2 Nf6 5. Nc3 O-O 6. O-O Bg4 7. e5 Nfd7 8. h3
Bxf3 9. Bxf3 Nc6 10. exd6 cxd6 11. Be3 Nf6 12. Qd2 d5 13. Rad1 e6 14. Bg5 Qa5
15. a3 b5 16. Qf4 Ne8 17. Rfe1 Rc8 18. Bg4 Rc7 19. Bh6 Bxh6 20. Qxh6 Ng7 21.
Qf4 Ne8 22. h4 b4 23. axb4 Qxb4 24. Nxd5 exd5 25. Rxe8 Rxe8 26. Qxc7 Re1+ 27.
Rxe1 Qxe1+ 28. Kh2 Nxd4 29. c3 Ne2 1-0

[Event "Torneo B"]
[Site "Formia ITA"]
[Date "1995.07.??"]
[Round "?"]
[White "Milivojevic, Slobodanka"]
[Black "Stoll, Thomas"]
[Result "0-1"]
[WhiteElo "2065"]
[BlackElo "1950"]
[PlyCount "54"]
[EventDate "1995.07.20"]

1. e4 g6 2. d4 Bg7 3. Nc3 c6 4. a4 d5 5. Be3 Nf6 6. Bd3 Ng4 7. Qd2 Nxe3 8. fxe3
O-O 9. e5 c5 10. O-O-O Bh6 11. Nf3 Nc6 12. Bb5 cxd4 13. Nxd4 Nxe5 14. Kb1 Ng4
15. Rde1 a6 16. Bd3 e5 17. Nb3 d4 18. Nd1 dxe3 19. Qb4 a5 20. Qb5 b6 21. h3 Ba6
22. Qc6 Rc8 23. Qe4 f5 24. Qf3 Bxd3 25. hxg4 Bxc2+ 26. Ka1 Qd7 27. Nc3 Rxc3 0-1

[Event "Torneo B"]
[Site "Formia ITA"]
[Date "1995.07.??"]
[Round "?"]
[White "Mordiglia, Riccardo"]
[Black "Accardo, Francesco"]
[Result "0-1"]
[WhiteElo "2015"]
[BlackElo "1898"]
[PlyCount "104"]
[EventDate "1995.07.20"]

1. e4 c5 2. b4 b6 3. bxc5 bxc5 4. c3 Bb7 5. d4 Bxe4 6. d5 Nf6 7. c4 d6 8. Nc3
Nbd7 9. Nge2 Qa5 10. Bd2 Ne5 11. Nf4 Qa6 12. h4 Bf5 13. h5 Rb8 14. f3 g5 15.
hxg6 fxg6 16. g4 Bd7 17. g5 Nh5 18. Rxh5 gxh5 19. Ne6 Bxe6 20. dxe6 Bg7 21. f4
Ng4 22. Bd3 O-O 23. Qe2 Qb7 24. Nd5 Qb2 25. Nxe7+ Kh8 26. Qe4 Qxa1+ 27. Ke2
Qd1+ 28. Kxd1 Nf2+ 29. Ke1 Nxe4 30. Bxe4 Rbe8 31. f5 Rxe7 32. f6 Rxf6 33. gxf6
Bxf6 34. Bf5 Kg7 35. Bf4 Re8 36. Bxd6 Be7 37. Be5+ Kh6 38. Ke2 h4 39. Kd3 Rd8+
40. Ke4 Rd1 41. Bg4 Re1+ 42. Kd5 Kg5 43. Bf3 Re3 44. Be4 h5 45. a4 h3 46. a5
Re2 47. Bf3 h2 48. a6 Rf2 49. Be4 Re2 50. Bf3 h4 51. Bb8 Re3 52. Bh1 Re1 0-1

[Event "Torneo B"]
[Site "Formia ITA"]
[Date "1995.07.??"]
[Round "?"]
[White "Mordiglia, Riccardo"]
[Black "Esposito, Luca"]
[Result "0-1"]
[WhiteElo "2015"]
[BlackElo "2025"]
[PlyCount "64"]
[EventDate "1995.07.20"]

1. e4 c5 2. b4 cxb4 3. a3 d5 4. exd5 Qxd5 5. Nf3 e5 6. axb4 Bxb4 7. c3 Bc5 8.
Na3 Nc6 9. Nb5 Qd8 10. d4 exd4 11. Bf4 Qe7+ 12. Be2 Bb6 13. O-O Be6 14. Nd6+
Kf8 15. cxd4 Nf6 16. Nc4 Bc7 17. Bxc7 Qxc7 18. Rc1 Nd5 19. Nce5 f6 20. Nxc6
bxc6 21. Bb5 Bd7 22. Qa4 Rc8 23. Rc5 Qb6 24. Rfc1 cxb5 25. Rxc8+ Kf7 26. Qb3
Rxc8 27. Rxc8 Bxc8 28. Qxd5+ Be6 29. Qh5+ Kf8 30. Qxh7 b4 31. Qh8+ Bg8 32. Qh3
Qc6 0-1

[Event "Torneo B"]
[Site "Formia ITA"]
[Date "1995.07.??"]
[Round "?"]
[White "Mordiglia, Riccardo"]
[Black "Picardi, Angelo"]
[Result "1/2-1/2"]
[WhiteElo "2015"]
[BlackElo "2048"]
[PlyCount "76"]
[EventDate "1995.07.20"]

1. e4 e6 2. d4 d5 3. e5 c5 4. c3 Nc6 5. Nf3 Qb6 6. Be2 cxd4 7. cxd4 Nh6 8. Nc3
Nf5 9. Na4 Qa5+ 10. Bd2 Bb4 11. Bc3 b5 12. a3 Bxc3+ 13. Nxc3 b4 14. axb4 Qxb4
15. Bb5 Bd7 16. Bxc6 Bxc6 17. Qd2 Bb5 18. Nxb5 Qxb5 19. Ra5 Qc4 20. Qc3 O-O 21.
Kd2 Rfb8 22. Rc1 Rb4 23. Rc5 Qxc3+ 24. bxc3 Rb2+ 25. Rc2 Rb7 26. Ra2 h6 27. Kc2
Ne7 28. Ne1 Nc8 29. Nd3 Rab8 30. Nb4 Rb5 31. Na6 Rxc5 32. Nxc5 Rb6 33. f4 Rc6
34. g3 Kf8 35. Kd3 Ke7 36. g4 g6 37. Kc2 Rb6 38. Ra1 Rc6 1/2-1/2

[Event "Torneo B"]
[Site "Formia ITA"]
[Date "1995.07.??"]
[Round "?"]
[White "Mordiglia, Riccardo"]
[Black "Sannino, Raffaele"]
[Result "1/2-1/2"]
[WhiteElo "2015"]
[BlackElo "1906"]
[PlyCount "26"]
[EventDate "1995.07.20"]

1. e4 g6 2. d4 Bg7 3. Nc3 d6 4. f4 Nc6 5. Be3 Nf6 6. Be2 O-O 7. d5 Nb8 8. Nf3
c6 9. O-O cxd5 10. exd5 Nbd7 11. Nd4 Qa5 12. Nb3 Qd8 13. Qd2 Nb6 1/2-1/2